|
|
|
|
| LEADER |
07548nam a2200577 a 4500 |
| 001 |
26474 |
| 003 |
BD-DhAAL |
| 005 |
20250903111722.0 |
| 008 |
130107s2008 ii a 001 0 eng |
| 020 |
|
|
|a 9788123915838
|
| 040 |
|
|
|a BD-DhAAL
|c BD-DhAAL
|
| 082 |
0 |
4 |
|a 615.19
|2 22
|
| 245 |
0 |
0 |
|a Pharmaceutical chemistry.
|n Volume 1 /
|c edited by Leslie G. Chatten.
|
| 264 |
|
|
|a New Delhi :
|b CBS publishers & distributors,
|c 2008 [reprinted].
|
| 300 |
|
|
|a 504 pages :
|b illustrations ;
|c 24 cm.
|
| 362 |
|
|
|a Vol. 1
|
| 500 |
|
|
|a Includes index.
|
| 505 |
|
|
|a v. 1. Theory and application.
|
| 526 |
|
|
|a PHR
|x Dr. Hasina Yasmin,
Assistant Dean and Program Director
Course name : Pharmaceutical Analysis I (PHR 210).
|
| 541 |
1 |
|
|e 26474, 43191, 43192, 43193, 43194, 43195, 43388, 43389, 43390, 43391, 43392, 43393, 43394, 43395, 43396, 43397
|a Book Finder International
|
| 650 |
|
0 |
|a Pharmaceutical chemistry.
|9 40478
|
| 650 |
|
0 |
|a Pharmacy.
|9 44324
|
| 700 |
1 |
|
|a Chatten, Leslie G.
|9 40479
|
| 852 |
1 |
|
|a Ayesha Abed library
|c General Stacks
|
| 942 |
|
|
|2 ddc
|c BK
|
| 999 |
|
|
|c 13100
|d 13100
|
| 952 |
|
|
|0 0
|1 0
|2 ddc
|4 0
|6 615_190000000000000_PHA
|7 0
|9 21798
|a BRACUL
|b BRACUL
|c GEN
|d 2013-01-08
|e Trim Education
|g 995.00
|l 9
|m 126
|o 615.19 PHA
|p 3010026474
|r 2024-05-21
|s 2023-01-30
|t 9
|w 2013-01-08
|y BK
|
| 952 |
|
|
|0 0
|1 0
|2 ddc
|4 0
|6 615_190000000000000_PHA
|7 0
|9 21799
|a BRACUL
|b BRACUL
|c GEN
|d 2013-01-08
|e Trim Education
|g 995.00
|l 15
|m 131
|o 615.19 PHA
|p 3010026466
|r 2025-12-21
|s 2025-10-22
|t 1
|w 2013-01-08
|y BK
|
| 952 |
|
|
|0 0
|1 0
|2 ddc
|4 0
|6 615_190000000000000_PHA
|7 0
|9 21809
|a BRACUL
|b BRACUL
|c GEN
|d 2013-01-10
|e Trim Education
|g 995.00
|l 5
|m 54
|o 615.19 PHA
|p 3010026469
|r 2025-09-23
|s 2020-02-24
|t 4
|w 2013-01-10
|y BK
|
| 952 |
|
|
|0 0
|1 0
|2 ddc
|4 0
|6 615_190000000000000_PHA
|7 0
|9 21810
|a PHR
|b PHR
|d 2013-01-10
|e Trim Education
|g 995.00
|l 6
|m 49
|o 615.19 PHA
|p 3010026467
|r 2015-07-29
|s 2015-07-12
|t 23
|w 2013-01-10
|y BK
|
| 952 |
|
|
|0 0
|1 0
|2 ddc
|4 0
|6 615_190000000000000_PHA
|7 0
|9 21811
|a BRACUL
|b BRACUL
|c GEN
|d 2013-01-10
|e Trim Education
|g 995.00
|l 10
|m 108
|o 615.19 PHA
|p 3010026468
|r 2022-10-16
|s 2022-09-08
|t 3
|w 2013-01-10
|y BK
|
| 952 |
|
|
|0 0
|1 0
|2 ddc
|4 0
|6 615_190000000000000_PHA
|7 0
|9 21812
|a BRACUL
|b BRACUL
|c GEN
|d 2013-01-10
|e Trim Education
|g 995.00
|l 14
|m 116
|o 615.19 PHA
|p 3010026472
|r 2023-12-09
|s 2023-09-11
|t 7
|w 2013-01-10
|y BK
|
| 952 |
|
|
|0 0
|1 0
|2 ddc
|4 0
|6 615_190000000000000_PHA
|7 0
|9 21813
|a BRACUL
|b BRACUL
|c GEN
|d 2013-01-10
|e Trim Education
|g 995.00
|l 8
|m 105
|o 615.19 PHA
|p 3010026470
|r 2024-04-17
|s 2024-02-05
|t 5
|w 2013-01-10
|y BK
|
| 952 |
|
|
|0 0
|1 0
|2 ddc
|4 0
|6 615_190000000000000_PHA
|7 0
|9 21814
|a BRACUL
|b BRACUL
|c GEN
|d 2013-01-10
|e Trim Education
|g 995.00
|l 12
|m 151
|o 615.19 PHA
|p 3010026475
|r 2025-07-14
|s 2025-02-23
|t 10
|w 2013-01-10
|y BK
|
| 952 |
|
|
|0 0
|1 0
|2 ddc
|4 0
|6 615_190000000000000_PHA
|7 0
|9 21815
|a BRACUL
|b BRACUL
|c GEN
|d 2013-01-10
|e Trim Education
|g 995.00
|l 10
|m 61
|o 615.19 PHA
|p 3010026471
|r 2025-04-06
|s 2025-02-23
|t 6
|w 2013-01-10
|y BK
|
| 952 |
|
|
|0 0
|1 0
|2 ddc
|4 0
|6 615_190000000000000_PHA
|7 0
|9 21821
|a BRACUL
|b BRACUL
|c GEN
|d 2013-01-14
|e Trim Education
|g 995.00
|l 11
|m 90
|o 615.19 PHA
|p 3010026473
|r 2023-09-20
|s 2023-09-13
|t 8
|w 2013-01-14
|y BK
|
| 952 |
|
|
|0 0
|1 0
|2 ddc
|4 0
|6 615_190000000000000_PHA
|7 0
|9 76372
|a PHR
|b PHR
|d 2024-09-12
|e Book Finder International
|g 936.00
|l 0
|o 615.19 PHA
|p 3010043194
|r 2024-09-12
|t 14
|v 936.00
|w 2024-09-12
|y BK
|x Requisitioned by Dr. Hasina Yasmin for the course named- "Pharmaceutical Analysis I (PHR 210)".
|
| 952 |
|
|
|0 0
|1 0
|2 ddc
|4 0
|6 615_190000000000000_PHA
|7 0
|9 76373
|a PHR
|b PHR
|d 2024-09-12
|e Book Finder International
|g 936.00
|l 0
|o 615.19 PHA
|p 3010043195
|r 2024-09-12
|t 15
|v 936.00
|w 2024-09-12
|y BK
|x Requisitioned by Dr. Hasina Yasmin for the course named- "Pharmaceutical Analysis I (PHR 210)".
|
| 952 |
|
|
|0 0
|1 0
|2 ddc
|4 0
|6 615_190000000000000_PHA
|7 0
|9 76374
|a BRACUL
|b BRACUL
|c GEN
|d 2024-09-12
|e Book Finder International
|g 936.00
|l 0
|o 615.19 PHA
|p 3010043396
|r 2024-09-12
|t 21
|v 936.00
|w 2024-09-12
|y BK
|x Requisitioned by Dr. Hasina Yasmin for the course named- "Pharmaceutical Analysis I (PHR 210)".
|
| 952 |
|
|
|0 0
|1 0
|2 ddc
|4 0
|6 615_190000000000000_PHA
|7 0
|9 76375
|a BRACUL
|b BRACUL
|c GEN
|d 2024-09-12
|e Book Finder International
|g 936.00
|l 1
|m 20
|o 615.19 PHA
|p 3010043397
|q 2026-06-02
|r 2026-02-01
|s 2026-02-01
|t 22
|v 936.00
|w 2024-09-12
|y BK
|x Requisitioned by Dr. Hasina Yasmin for the course named- "Pharmaceutical Analysis I (PHR 210)".
|
| 952 |
|
|
|0 0
|1 0
|2 ddc
|4 0
|6 615_190000000000000_PHA
|7 0
|9 76376
|a BRACUL
|b BRACUL
|c GEN
|d 2024-09-12
|e Book Finder International
|g 936.00
|l 1
|m 7
|o 615.19 PHA
|p 3010043393
|r 2025-04-20
|s 2025-02-27
|t 20
|v 936.00
|w 2024-09-12
|y BK
|x Requisitioned by Dr. Hasina Yasmin for the course named- "Pharmaceutical Analysis I (PHR 210)".
|
| 952 |
|
|
|0 0
|1 0
|2 ddc
|4 0
|6 615_190000000000000_PHA
|7 0
|9 76377
|a PHR
|b PHR
|d 2024-09-12
|e Book Finder International
|g 936.00
|l 0
|o 615.19 PHA
|p 3010043192
|r 2024-09-12
|t 12
|v 936.00
|w 2024-09-12
|y BK
|x Requisitioned by Dr. Hasina Yasmin for the course named- "Pharmaceutical Analysis I (PHR 210)".
|
| 952 |
|
|
|0 0
|1 0
|2 ddc
|4 0
|6 615_190000000000000_PHA
|7 0
|9 76378
|a BRACUL
|b BRACUL
|c GEN
|d 2024-09-12
|e Book Finder International
|g 936.00
|l 2
|m 15
|o 615.19 PHA
|p 3010043389
|q 2026-06-02
|r 2026-02-02
|s 2026-02-02
|t 17
|v 936.00
|w 2024-09-12
|y BK
|x Requisitioned by Dr. Hasina Yasmin for the course named- "Pharmaceutical Analysis I (PHR 210)".
|
| 952 |
|
|
|0 0
|1 0
|2 ddc
|4 0
|6 615_190000000000000_PHA
|7 0
|9 76379
|a BRACUL
|b BRACUL
|c GEN
|d 2024-09-12
|e Book Finder International
|g 936.00
|l 1
|o 615.19 PHA
|p 3010043394
|r 2025-03-05
|s 2025-03-02
|t 9
|v 936.00
|w 2024-09-12
|y BK
|x Requisitioned by Dr. Hasina Yasmin for the course named- "Pharmaceutical Analysis I (PHR 210)".
|
| 952 |
|
|
|0 0
|1 0
|2 ddc
|4 0
|6 615_190000000000000_PHA
|7 0
|9 76380
|a BRACUL
|b BRACUL
|c GEN
|d 2024-09-12
|e Book Finder International
|g 936.00
|l 1
|m 9
|o 615.19 PHA
|p 3010043390
|r 2025-06-24
|s 2025-03-11
|t 18
|v 936.00
|w 2024-09-12
|y BK
|x Requisitioned by Dr. Hasina Yasmin for the course named- "Pharmaceutical Analysis I (PHR 210)".
|
| 952 |
|
|
|0 0
|1 0
|2 ddc
|4 0
|6 615_190000000000000_PHA
|7 0
|9 76381
|a BRACUL
|b BRACUL
|c GEN
|d 2024-09-12
|e Book Finder International
|g 936.00
|l 1
|o 615.19 PHA
|p 3010043391
|r 2025-03-09
|s 2025-03-02
|t 19
|v 936.00
|w 2024-09-12
|y BK
|x Requisitioned by Dr. Hasina Yasmin for the course named- "Pharmaceutical Analysis I (PHR 210)".
|
| 952 |
|
|
|0 0
|1 0
|2 ddc
|4 0
|6 615_190000000000000_PHA
|7 0
|9 76534
|a PHR
|b PHR
|d 2024-09-17
|e Book Finder International
|g 936.00
|l 0
|o 615.19 PHA
|p 3010043191
|r 2024-09-17
|t 11
|v 936.00
|w 2024-09-17
|y BK
|x Requisitioned by Dr. Hasina Yasmin for the course named- "Pharmaceutical Analysis I (PHR 210)".
|
| 952 |
|
|
|0 0
|1 0
|2 ddc
|4 0
|6 615_190000000000000_PHA
|7 0
|9 76535
|a BRACUL
|b BRACUL
|c GEN
|d 2024-09-17
|e Book Finder International
|g 936.00
|l 0
|o 615.19 PHA
|p 3010043388
|r 2024-09-17
|t 16
|v 936.00
|w 2024-09-17
|y BK
|x Requisitioned by Dr. Hasina Yasmin for the course named- "Pharmaceutical Analysis I (PHR 210)".
|
| 952 |
|
|
|0 0
|1 0
|2 ddc
|4 0
|6 615_190000000000000_PHA
|7 0
|9 76536
|a PHR
|b PHR
|d 2024-09-17
|e Book Finder International
|g 936.00
|l 0
|o 615.19 PHA
|p 3010043193
|r 2024-09-17
|t 13
|v 936.00
|w 2024-09-17
|y BK
|x Requisitioned by Dr. Hasina Yasmin for the course named- "Pharmaceutical Analysis I (PHR 210)".
|
| 952 |
|
|
|0 0
|1 0
|2 ddc
|4 0
|6 615_190000000000000_PHA
|7 0
|9 76537
|a BRACUL
|b BRACUL
|c GEN
|d 2024-09-17
|e Book Finder International
|g 936.00
|l 0
|o 615.19 PHA
|p 3010043395
|r 2024-09-17
|t 4
|v 936.00
|w 2024-09-17
|y BK
|x Requisitioned by Dr. Hasina Yasmin for the course named- "Pharmaceutical Analysis I (PHR 210)".
|
| 952 |
|
|
|0 0
|1 0
|2 ddc
|4 0
|6 615_190000000000000_PHA
|7 0
|9 76538
|a BRACUL
|b BRACUL
|c GEN
|d 2024-09-17
|e Book Finder International
|g 936.00
|l 1
|m 8
|o 615.19 PHA
|p 3010043392
|r 2026-05-04
|s 2026-03-03
|t 2
|v 936.00
|w 2024-09-17
|y BK
|x Requisitioned by Dr. Hasina Yasmin for the course named- "Pharmaceutical Analysis I (PHR 210)".
|